[Event "European Team-ch 2007 Femenino"]
[Site "Creta GRE"]
[Date "2007.11.05"]
[Round "8.8"]
[White "Kadimova, Ilaha"]
[Black "Medic, Mirjana"]
[Result "1-0"]
[WhiteElo "2311"]
[BlackElo "2240"]
[PlyCount "63"]
[EventDate "2007.10.28"]
[EventType "team"]
[EventRounds "9"]
[EventCountry "GRE"]
[Source "lmi"]
[SourceDate "2007.10.28"]
[WhiteTeam "Azerbaijan"]
[BlackTeam "Croatia"]
[WhiteTeamCountry "AZE"]
[BlackTeamCountry "CRO"]

1. d4 e6 2. Nf3 Nf6 3. c4 b6 4. Nc3 Bb7 5. a3 d5 6. Bg5 Be7 7. Qa4+ c6 8. Bxf6
Bxf6 9. cxd5 exd5 10. g3 O-O 11. Bg2 Re8 12. O-O g6 13. Rfe1 Bg7 14. e4 Nd7 15.
exd5 cxd5 16. Rxe8+ Qxe8 17. Re1 Qd8 18. h4 Nf6 19. Ne5 a6 20. Qb3 Qd6 21. Na4
b5 22. Nc5 Bc8 23. a4 Rb8 24. axb5 Rxb5 25. Qc3 Bf5 26. Ra1 Rb6 27. Bf1 Ne4 28.
Nxe4 dxe4 29. Nc4 Qd8 30. Nxb6 Qxb6 31. Rxa6 Qd8 32. Qa3 1-0

[Event "European Team-ch 2007 Femenino"]
[Site "Creta GRE"]
[Date "2007.11.05"]
[Round "8.8"]
[White "Franciskovic, Borka"]
[Black "Mamedjarova, Turkan"]
[Result "1/2-1/2"]
[WhiteElo "2227"]
[BlackElo "2250"]
[PlyCount "68"]
[EventDate "2007.10.28"]
[EventType "team"]
[EventRounds "9"]
[EventCountry "GRE"]
[Source "lmi"]
[SourceDate "2007.10.28"]
[WhiteTeam "Croatia"]
[BlackTeam "Azerbaijan"]
[WhiteTeamCountry "CRO"]
[BlackTeamCountry "AZE"]

1. c4 e5 2. g3 Nc6 3. Bg2 g6 4. Nc3 Bg7 5. e3 d6 6. Nge2 Nge7 7. O-O O-O 8. d4
exd4 9. exd4 Nf5 10. d5 Ne5 11. b3 Re8 12. Bb2 Nh6 13. h3 Bf5 14. Nd4 Qf6 15.
Nxf5 Qxf5 16. Nb5 Re7 17. Rb1 a6 18. Nd4 Qd3 19. Nf3 Qxd1 20. Rfxd1 Nd7 21.
Bxg7 Kxg7 22. Re1 Rae8 23. Rxe7 Rxe7 24. Re1 Rxe1+ 25. Nxe1 Nf5 26. Nd3 Nd4 27.
Kf1 a5 28. Ke1 g5 29. Kd2 Kf6 30. Kc3 Nf5 31. Be4 h5 32. a3 h4 33. g4 Ne7 34.
Kd4 Ng6 1/2-1/2

[Event "European Team-ch 2007 Femenino"]
[Site "Creta GRE"]
[Date "2007.11.05"]
[Round "8.8"]
[White "Isgandarova, Khayala"]
[Black "Sargac, Rajna"]
[Result "0-1"]
[WhiteElo "2172"]
[BlackElo "2170"]
[PlyCount "126"]
[EventDate "2007.10.28"]
[EventType "team"]
[EventRounds "9"]
[EventCountry "GRE"]
[Source "lmi"]
[SourceDate "2007.10.28"]
[WhiteTeam "Azerbaijan"]
[BlackTeam "Croatia"]
[WhiteTeamCountry "AZE"]
[BlackTeamCountry "CRO"]

1. e4 c5 2. Nf3 Nc6 3. Bb5 Nf6 4. Bxc6 dxc6 5. d3 Qc7 6. h3 e5 7. Bg5 Be7 8.
Nbd2 Be6 9. c3 Rd8 10. Qe2 O-O 11. Nc4 Bxc4 12. dxc4 h6 13. Bh4 Nh5 14. Bxe7
Qxe7 15. g3 Qe6 16. Nd2 Nf6 17. O-O-O Rd7 18. Nb3 b6 19. Rxd7 Nxd7 20. Qd3 Re8
21. g4 Nf8 22. Rd1 Qf6 23. Rd2 Ng6 24. Qd7 Qe6 25. Qxa7 Qxc4 26. Qxb6 Qxe4 27.
Nxc5 Qh1+ 28. Kc2 Nf4 29. a4 Nd5 30. Qb7 Nf6 31. a5 Qxh3 32. Qxc6 Qxg4 33. a6
Qf5+ 34. Kb3 Rc8 35. Qb6 Kh7 36. a7 Ne4 37. Nxe4 Qxe4 38. Rd7 Qc4+ 39. Kc2 Qa4+
40. Kb1 Qxd7 41. Qb8 Qe8 42. Qb7 h5 43. b4 Qe6 44. Kb2 Qc4 45. Qf3 e4 46. Qxh5+
Kg8 47. Qe5 f6 48. Qb8 Qxc3+ 49. Ka2 Kh7 50. Qh2+ Kg6 51. Qg2+ Kf5 52. f3 Qc4+
53. Ka3 Qd3+ 54. Ka4 Qa6+ 55. Kb3 Qe6+ 56. Ka4 Qc6+ 57. Kb3 exf3 58. Qh3+ Ke4
59. Qh4+ Kd3 60. Qh7+ Ke3 61. Qf5 Qc4+ 62. Ka4 Qa6+ 63. Kb3 Qd3+ 0-1

[Event "European Team-ch 2007 Femenino"]
[Site "Creta GRE"]
[Date "2007.11.05"]
[Round "8.9"]
[White "Klinova, Masha"]
[Black "Dembo, Yelena"]
[Result "1/2-1/2"]
[WhiteElo "2326"]
[BlackElo "2448"]
[PlyCount "149"]
[EventDate "2007.10.28"]
[EventType "team"]
[EventRounds "9"]
[EventCountry "GRE"]
[Source "lmi"]
[SourceDate "2007.10.28"]
[WhiteTeam "Israel"]
[BlackTeam "Greece"]
[WhiteTeamCountry "ISR"]
[BlackTeamCountry "GRE"]

1. e4 c5 2. Nf3 Nc6 3. Bb5 g6 4. Bxc6 dxc6 5. d3 Bg7 6. Nc3 e5 7. Be3 b6 8. h3
Ne7 9. Qd2 h6 10. O-O-O Be6 11. Nh2 Qd7 12. Kb1 O-O-O 13. f4 exf4 14. Bxf4 g5
15. Be3 f5 16. Nf3 Rhe8 17. Rhe1 Bg8 18. Bg1 Bxc3 19. Qxc3 fxe4 20. Rxe4 Nd5
21. Qe1 Rxe4 22. Qxe4 Nf4 23. Bh2 Bd5 24. Qa4 Rf8 25. h4 Kb7 26. hxg5 Nxg2 27.
Ne5 Qh3 28. Bg1 Qg3 29. c4 Qxe5 30. cxd5 Qxd5 31. gxh6 Qh5 32. d4 Nf4 33. dxc5
Nd5 34. cxb6 axb6 35. Rc1 Qxh6 36. Qe4 Rf4 37. Qe8 Qh7+ 38. Ka1 Rf6 39. a3 Qf7
40. Qxf7+ Rxf7 41. Kb1 Rf6 42. Bd4 Rh6 43. Be5 Ka6 44. Ka2 Kb5 45. Rc2 Rh3 46.
b3 c5 47. Bb2 Rg3 48. Be5 Rg6 49. Bb2 Rg4 50. Re2 Rg6 51. Rd2 Kc6 52. Re2 b5
53. Rc2 Rg4 54. Rh2 Rg6 55. Rc2 Kd6 56. Rh2 c4 57. bxc4 bxc4 58. Bh8 Kc5 59.
Kb2 Rg3 60. Be5 Rb3+ 61. Ka2 Re3 62. Bh8 Kb5 63. Rd2 Kc6 64. Rh2 Rd3 65. Bg7
Kb5 66. Rc2 Rg3 67. Be5 Rg5 68. Bd4 Rg4 69. Be5 Re4 70. Bg7 Ka4 71. Rd2 Nf4 72.
Kb2 Kb5 73. Kc2 Ne6 74. Rd5+ Kc6 75. Re5 1/2-1/2

[Event "European Team-ch 2007 Femenino"]
[Site "Creta GRE"]
[Date "2007.11.05"]
[Round "8.9"]
[White "Botsari, Anna-Maria"]
[Black "Borsuk, Angela"]
[Result "0-1"]
[WhiteElo "2341"]
[BlackElo "2301"]
[PlyCount "88"]
[EventDate "2007.10.28"]
[EventType "team"]
[EventRounds "9"]
[EventCountry "GRE"]
[Source "lmi"]
[SourceDate "2007.10.28"]
[WhiteTeam "Greece"]
[BlackTeam "Israel"]
[WhiteTeamCountry "GRE"]
[BlackTeamCountry "ISR"]

1. d4 d6 2. c4 e5 3. d5 Be7 4. e4 a5 5. Nf3 Na6 6. Bd3 Nc5 7. Bc2 Bg4 8. h3 Bd7
9. Nc3 Nf6 10. O-O O-O 11. Be3 b6 12. b3 Ne8 13. a3 g6 14. b4 Na6 15. bxa5 bxa5
16. Ba4 f5 17. Bxd7 Qxd7 18. c5 f4 19. cxd6 Bxd6 20. Bd2 Nc5 21. a4 Rb8 22. Qc2
Nf6 23. Rab1 Rb4 24. Rfe1 Rfb8 25. Bxf4 exf4 26. e5 Be7 27. exf6 Bxf6 28. Nb5
Nxa4 29. Rxb4 axb4 30. Nxc7 Bc3 31. Rb1 Nc5 32. Ne6 Nxe6 33. dxe6 Qxe6 34. Ng5
Qc4 35. Qa4 Bg7 36. Re1 Rf8 37. Ne6 Bc3 38. Qa7 Rc8 39. Qd7 Qc6 40. Qa7 Ra8 41.
Nd4 Rxa7 42. Nxc6 Bxe1 43. Nxa7 b3 44. Nb5 Bb4 0-1

[Event "European Team-ch 2007 Femenino"]
[Site "Creta GRE"]
[Date "2007.11.05"]
[Round "8.9"]
[White "Igla, Bella"]
[Black "Makropoulou, Marina"]
[Result "1-0"]
[WhiteElo "2291"]
[BlackElo "2243"]
[PlyCount "129"]
[EventDate "2007.10.28"]
[EventType "team"]
[EventRounds "9"]
[EventCountry "GRE"]
[Source "lmi"]
[SourceDate "2007.10.28"]
[WhiteTeam "Israel"]
[BlackTeam "Greece"]
[WhiteTeamCountry "ISR"]
[BlackTeamCountry "GRE"]

1. d4 d6 2. c4 e5 3. Nc3 exd4 4. Qxd4 Nc6 5. Qd2 Nf6 6. Nf3 g6 7. e4 Bg7 8. Be2
O-O 9. O-O Re8 10. Qc2 Nb4 11. Qb1 c6 12. Bg5 h6 13. Bh4 g5 14. Bg3 Nh5 15. Qd1
Nxg3 16. hxg3 Qe7 17. Re1 Bd7 18. Qd2 Rad8 19. Rad1 Bc8 20. a3 Na6 21. b4 Nc7
22. Bd3 Qf6 23. Rc1 Ne6 24. Bb1 Nd4 25. Nxd4 Qxd4 26. Qxd4 Bxd4 27. Red1 Be5
28. Rd2 Be6 29. Ne2 c5 30. f3 Kf8 31. Kf2 Ke7 32. Ba2 Rc8 33. Ke3 f5 34. f4 Bg7
35. bxc5 Rxc5 36. Nd4 fxe4 37. Nxe6 Kxe6 38. Rcd1 Bf8 39. Kxe4 Kd7+ 40. Kf3 Kc7
41. Rd5 b6 42. Rxc5+ bxc5 43. Bb1 Bg7 44. Bg6 Re7 45. Rb1 d5 46. cxd5 c4 47.
Rb4 c3 48. Rc4+ Kd6 49. Be4 Rc7 50. Rc6+ Rxc6 51. dxc6 gxf4 52. gxf4 c2 53.
Bxc2 Kxc6 54. Kg4 Kd6 55. Kf5 Bd4 56. Kg6 Be3 57. g3 Bf2 58. g4 Be3 59. f5 Ke7
60. Kg7 Bg5 61. Bb3 a5 62. a4 h5 63. Kg6 Be3 64. f6+ Kf8 65. gxh5 1-0

[Event "European Team-ch 2007 Femenino"]
[Site "Creta GRE"]
[Date "2007.11.05"]
[Round "8.9"]
[White "Fakhiridou, Ekaterini"]
[Black "Vasiliev, Olga"]
[Result "1-0"]
[WhiteElo "2270"]
[BlackElo "2214"]
[PlyCount "107"]
[EventDate "2007.10.28"]
[EventType "team"]
[EventRounds "9"]
[EventCountry "GRE"]
[Source "lmi"]
[SourceDate "2007.10.28"]
[WhiteTeam "Greece"]
[BlackTeam "Israel"]
[WhiteTeamCountry "GRE"]
[BlackTeamCountry "ISR"]

1. e4 c5 2. Nf3 Nc6 3. d4 cxd4 4. Nxd4 e5 5. Nb5 d6 6. N1c3 a6 7. Na3 b5 8. Nd5
Nge7 9. c4 Nd4 10. cxb5 Nxd5 11. exd5 Be7 12. Be3 Nf5 13. Bd2 O-O 14. bxa6 e4
15. Nc4 Bxa6 16. Be2 Bf6 17. O-O Bxc4 18. Bxc4 Bxb2 19. Rb1 Be5 20. Qg4 Nd4 21.
Qxe4 f5 22. Qd3 f4 23. Bc3 f3 24. Bxd4 Bxh2+ 25. Kxh2 Qh4+ 26. Kg1 Qg4 27. Qxf3
Rxf3 28. Be2 Qxd4 29. Bxf3 Rxa2 30. Rbd1 Qf4 31. Rfe1 g6 32. Re8+ Kg7 33. Re7+
Kh6 34. Rde1 Qd4 35. R7e3 Kg5 36. g3 h5 37. Rf1 Ra5 38. Re6 Rxd5 39. Bxd5 Qxd5
40. Re3 Kf5 41. Ra1 Qd2 42. Raa3 d5 43. Rad3 Qc1+ 44. Kh2 Qc4 45. Rc3 Qd4 46.
Rc8 h4 47. Rf8+ Kg5 48. gxh4+ Qxh4+ 49. Kg2 Qd4 50. Rf7 Qc4 51. Rg3+ Kh6 52.
Rh3+ Kg5 53. f4+ Qxf4 54. Rg3+ 1-0

[Event "European Team-ch 2007 Femenino"]
[Site "Creta GRE"]
[Date "2007.11.05"]
[Round "8.10"]
[White "Cmilyte, Viktorija"]
[Black "Houska, Jovanka"]
[Result "0-1"]
[WhiteElo "2464"]
[BlackElo "2404"]
[PlyCount "104"]
[EventDate "2007.10.28"]
[EventType "team"]
[EventRounds "9"]
[EventCountry "GRE"]
[Source "lmi"]
[SourceDate "2007.10.28"]
[WhiteTeam "Lithuania"]
[BlackTeam "England"]
[WhiteTeamCountry "LTU"]
[BlackTeamCountry "ENG"]

1. d4 Nf6 2. c4 c5 3. Nf3 cxd4 4. Nxd4 a6 5. Nc3 e6 6. a3 d5 7. e3 Be7 8. cxd5
Nxd5 9. Bd2 O-O 10. Qc2 Nf6 11. Bd3 Bd7 12. Ne4 h6 13. Nc5 Bxc5 14. Qxc5 Nc6
15. Nf3 Rc8 16. O-O e5 17. Bb1 Bg4 18. Bb4 Nxb4 19. Qxb4 Bxf3 20. gxf3 b5 21.
Ba2 Qd7 22. Qh4 Rc2 23. b4 Qc6 24. Qg3 Rd8 25. Bb1 Rb2 26. Bf5 Qd6 27. Kh1 Ne8
28. Rac1 Qf6 29. Bb1 Nd6 30. Rcd1 Nc4 31. Rxd8+ Qxd8 32. Rg1 Qf6 33. Be4 Rd2
34. Qh3 Nd6 35. Qg3 Nxe4 36. fxe4 Rxf2 37. Qg4 g6 38. h3 Qf3+ 39. Qxf3 Rxf3 40.
Re1 Rf2 41. Rc1 Ra2 42. Rc3 g5 43. h4 gxh4 44. Kg1 Kg7 45. Kh1 f6 46. Kg1 Kg6
47. Rd3 h3 48. Rc3 Kg5 49. Rd3 Kg4 50. Rd8 h2+ 51. Kh1 Kh3 52. Rd1 Rg2 0-1

[Event "European Team-ch 2007 Femenino"]
[Site "Creta GRE"]
[Date "2007.11.05"]
[Round "8.10"]
[White "Ciuksyte, Dagne"]
[Black "Daulyte, Deimante"]
[Result "1-0"]
[WhiteElo "2411"]
[BlackElo "2222"]
[PlyCount "95"]
[EventDate "2007.10.28"]
[EventType "team"]
[EventRounds "9"]
[EventCountry "GRE"]
[Source "lmi"]
[SourceDate "2007.10.28"]
[WhiteTeam "England"]
[BlackTeam "Lithuania"]
[WhiteTeamCountry "ENG"]
[BlackTeamCountry "LTU"]

1. e4 e5 2. Nf3 Nc6 3. Bb5 a6 4. Ba4 Nf6 5. O-O Be7 6. Re1 b5 7. Bb3 d6 8. c3
O-O 9. h3 Nb8 10. d4 Nbd7 11. Nbd2 Bb7 12. Bc2 Re8 13. b3 Bf8 14. d5 c6 15. c4
bxc4 16. bxc4 Nc5 17. Nb3 Nfd7 18. Bg5 Qc7 19. Nh4 g6 20. Qd2 a5 21. Nf3 a4 22.
Nxc5 Nxc5 23. Nh2 Ba6 24. Ng4 Reb8 25. Ne3 cxd5 26. Nxd5 Qa7 27. Bh6 Bg7 28.
Bxg7 Kxg7 29. Qg5 Nd7 30. Bxa4 Bxc4 31. Bc6 Rb2 32. Ne3 Be6 33. Bxa8 Qxa8 34.
Nf5+ Bxf5 35. exf5 Rxa2 36. Rxa2 Qxa2 37. Qe7 Qd2 38. Re3 Nf6 39. fxg6 hxg6 40.
Rf3 Qg5 41. Qxd6 e4 42. Rf4 e3 43. fxe3 Nd5 44. Rf3 Kg8 45. h4 Qh5 46. Qd8+ Kg7
47. Qd7 Nf6 48. Qd4 1-0

[Event "European Team-ch 2007 Femenino"]
[Site "Creta GRE"]
[Date "2007.11.05"]
[Round "8.10"]
[White "Zaksaite, Salomeja"]
[Black "Lauterbach, Ingrid"]
[Result "1-0"]
[WhiteElo "2228"]
[BlackElo "2124"]
[PlyCount "113"]
[EventDate "2007.10.28"]
[EventType "team"]
[EventRounds "9"]
[EventCountry "GRE"]
[Source "lmi"]
[SourceDate "2007.10.28"]
[WhiteTeam "Lithuania"]
[BlackTeam "England"]
[WhiteTeamCountry "LTU"]
[BlackTeamCountry "ENG"]

1. e4 d6 2. d4 g6 3. g3 c6 4. Bg2 Nd7 5. Ne2 Bg7 6. O-O e5 7. c3 Ne7 8. b3 O-O
9. Ba3 exd4 10. Bxd6 dxc3 11. Nbxc3 Re8 12. Qd2 Be5 13. Rad1 Bxd6 14. Qxd6 Qa5
15. b4 Qe5 16. f4 Qxd6 17. Rxd6 Nb6 18. h3 Be6 19. Rfd1 Nc4 20. R6d4 Ne3 21.
R1d2 Nxg2 22. Kxg2 h5 23. a3 Kf8 24. Na4 b6 25. Rd6 Rec8 26. Nd4 Bc4 27. Nf3
Ke8 28. Ne5 Bb3 29. Nc3 Rd8 30. Nd7 Ng8 31. g4 hxg4 32. hxg4 Be6 33. Ne5 Rxd6
34. Rxd6 c5 35. Nb5 cxb4 36. f5 gxf5 37. exf5 a6 38. fxe6 axb5 39. exf7+ Ke7
40. Rg6 Nf6 41. axb4 Rc8 42. Rxf6 Kxf6 43. f8=Q+ Rxf8 44. Nd7+ Kg5 45. Nxf8
Kxg4 46. Nd7 Kf4 47. Nxb6 Ke5 48. Nd7+ Kd6 49. Nc5 Ke5 50. Kf3 Kd5 51. Ke3 Kc4
52. Na6 Kd5 53. Kd3 Kc6 54. Kd4 Kd6 55. Nc5 Kc6 56. Nb3 Kd6 57. Na5 1-0

[Event "European Team-ch 2007 Femenino"]
[Site "Creta GRE"]
[Date "2007.11.05"]
[Round "8.10"]
[White "Chevannes, Sabrina L"]
[Black "Batyte, Daiva"]
[Result "1-0"]
[WhiteElo "2073"]
[BlackElo "2198"]
[PlyCount "133"]
[EventDate "2007.10.28"]
[EventType "team"]
[EventRounds "9"]
[EventCountry "GRE"]
[Source "lmi"]
[SourceDate "2007.10.28"]
[WhiteTeam "England"]
[BlackTeam "Lithuania"]
[WhiteTeamCountry "ENG"]
[BlackTeamCountry "LTU"]

1. d4 Nf6 2. Nf3 e6 3. c3 b6 4. Bg5 Bb7 5. Nbd2 Be7 6. e3 h6 7. Bxf6 Bxf6 8.
Bd3 d6 9. O-O Nd7 10. Qe2 a5 11. Rfe1 O-O 12. Be4 c6 13. a4 g6 14. Bc2 Qc7 15.
Ne4 Bg7 16. Ng3 e5 17. e4 Rae8 18. Qd2 c5 19. d5 Ba6 20. h4 h5 21. Ng5 c4 22.
Qd1 Nf6 23. Nf1 Ng4 24. Ne3 Bc8 25. Qe2 Nxe3 26. Qxe3 Bf6 27. Bd1 Kg7 28. Qg3
Rh8 29. Rf1 Qe7 30. Be2 Ba6 31. Qe3 Qc7 32. Kh1 Re7 33. f4 exf4 34. Rxf4 Be5
35. Rxf7+ Kg8 36. Raf1 Rxf7 37. Rxf7 Qxf7 38. Nxf7 Kxf7 39. Qxb6 Bc8 40. Bxc4
Rf8 41. Be2 Kg7 42. Bf3 Bg4 43. Kg1 Bxf3 44. gxf3 Rxf3 45. Qxa5 g5 46. Qa7+ Kg6
47. Qe7 gxh4 48. Qxh4 Rf4 49. Qh3 h4 50. a5 Kg5 51. a6 Rxe4 52. Qg2+ Kf4 53.
Qxe4+ Kxe4 54. a7 Kxd5 55. a8=Q+ Kc4 56. Qa4+ Kd3 57. Qxh4 Kc2 58. Qf2+ Kb3 59.
Qd2 Kc4 60. Kf2 Kc5 61. Kf3 d5 62. Qe3+ Kd6 63. b4 Bf6 64. Qb6+ Ke7 65. b5 Be5
66. Qb7+ Ke6 67. Qc6+ 1-0

[Event "European Team-ch 2007 Femenino"]
[Site "Creta GRE"]
[Date "2007.11.05"]
[Round "8.11"]
[White "Bojkovic, Natasa"]
[Black "Tsiganova, Monika"]
[Result "1-0"]
[WhiteElo "2428"]
[BlackElo "2216"]
[PlyCount "80"]
[EventDate "2007.10.28"]
[EventType "team"]
[EventRounds "9"]
[EventCountry "GRE"]
[Source "lmi"]
[SourceDate "2007.10.28"]
[WhiteTeam "SRB"]
[BlackTeam "Estonia"]
[BlackTeamCountry "EST"]

1. e4 e5 2. Nf3 Nc6 3. Bb5 a6 4. Ba4 Nf6 5. d3 d6 6. c4 Be7 7. d4 O-O 8. d5 Na5
9. Nbd2 Nxc4 10. Nxc4 b5 11. Ncxe5 dxe5 12. Bc2 Bg4 13. O-O c6 14. dxc6 Qc7 15.
Bg5 h6 16. Bxf6 Bxf6 17. Bb3 Rad8 18. Bd5 Rd6 19. Qb3 Rfd8 20. Rac1 Be6 21. Rc5
Bxd5 22. exd5 e4 23. Nd2 Bd4 24. Rc2 f5 25. Rd1 Bb6 26. Nf1 Qf7 27. a4 f4 28.
axb5 axb5 29. Qxb5 Bc7 30. Re2 Rxd5 31. Rxd5 Rxd5 32. Qc4 e3 33. fxe3 fxe3 34.
b3 Kh8 35. Nxe3 Bb6 36. h3 Rd1+ 37. Kh2 Bc7+ 38. g3 Qf3 39. Nxd1 Qxg3+ 40. Kh1
Qxh3+ 1-0

[Event "European Team-ch 2007 Femenino"]
[Site "Creta GRE"]
[Date "2007.11.05"]
[Round "8.11"]
[White "Fomina, Tatyana"]
[Black "Chelushkina, Irina"]
[Result "0-1"]
[WhiteElo "2248"]
[BlackElo "2351"]
[PlyCount "88"]
[EventDate "2007.10.28"]
[EventType "team"]
[EventRounds "9"]
[EventCountry "GRE"]
[Source "lmi"]
[SourceDate "2007.10.28"]
[WhiteTeam "Estonia"]
[BlackTeam "SRB"]
[WhiteTeamCountry "EST"]

1. e4 c5 2. Nf3 Nc6 3. Bb5 g6 4. Bxc6 dxc6 5. O-O Bg7 6. d3 b6 7. Nc3 e5 8. Be3
a5 9. a4 f6 10. Nd2 Nh6 11. Nc4 O-O 12. f4 Ng4 13. f5 Nxe3 14. Nxe3 Qd4 15. Qe2
Bh6 16. Rae1 c4 17. dxc4 Ba6 18. Rf2 Ra7 19. fxg6 hxg6 20. Ng4 Bg7 21. Rd1 Bxc4
22. Qe3 Qxe3 23. Nxe3 Be6 24. Rd6 Bd7 25. Rfd2 Rf7 26. Rf2 Bh6 27. Ncd1 Kg7 28.
g3 b5 29. axb5 cxb5 30. Nd5 f5 31. exf5 Bxf5 32. N5e3 a4 33. c3 Be4 34. Rfd2
Bg5 35. h4 Bh6 36. Kh2 Bf3 37. Rf2 e4 38. Kh3 Bxd1 39. Nxd1 Rxf2 40. Nxf2 Bc1
41. Nxe4 Bxb2 42. Rb6 a3 43. Nc5 a2 44. Nb3 Ra3 0-1

[Event "European Team-ch 2007 Femenino"]
[Site "Creta GRE"]
[Date "2007.11.05"]
[Round "8.11"]
[White "Bashkite, Viktoria"]
[Black "Rakic, Marija"]
[Result "1/2-1/2"]
[WhiteElo "2188"]
[BlackElo "2232"]
[PlyCount "89"]
[EventDate "2007.10.28"]
[EventType "team"]
[EventRounds "9"]
[EventCountry "GRE"]
[Source "lmi"]
[SourceDate "2007.10.28"]
[WhiteTeam "Estonia"]
[BlackTeam "SRB"]
[WhiteTeamCountry "EST"]

1. c4 Nf6 2. Nc3 g6 3. Nf3 Bg7 4. g3 O-O 5. Bg2 d6 6. d4 c6 7. O-O Nbd7 8. Qc2
e5 9. Rd1 Qc7 10. Bg5 Re8 11. d5 cxd5 12. cxd5 h6 13. Bxf6 Nxf6 14. Rac1 Bf5
15. Qa4 Rec8 16. Nd2 a6 17. Qa3 Qb6 18. h3 h5 19. Na4 Qd8 20. Nc3 b5 21. e4 Bd7
22. Qxd6 Ne8 23. Qa3 Bf8 24. Qb3 b4 25. Ne2 Qa5 26. Nc4 Rxc4 27. Qxc4 Bb5 28.
Qc2 Qxa2 29. Ra1 Qc4 30. Qxc4 Bxc4 31. Nc1 Nd6 32. b3 Bb5 33. Na2 Nb7 34. Bf1
Bc5 35. Nc1 Nd6 36. Nd3 Bd4 37. Nxb4 Bxa1 38. Rxa1 Bxf1 39. Kxf1 Nxe4 40. Rd1
Nd6 41. Nc6 f6 42. Ke2 Kf7 43. g4 a5 44. Ra1 Ne4 45. Rxa5 1/2-1/2

[Event "European Team-ch 2007 Femenino"]
[Site "Creta GRE"]
[Date "2007.11.05"]
[Round "8.12"]
[White "Seps, Monika"]
[Black "Atalik, Ekaterina"]
[Result "0-1"]
[WhiteElo "2290"]
[BlackElo "2404"]
[PlyCount "94"]
[EventDate "2007.10.28"]
[EventType "team"]
[EventRounds "9"]
[EventCountry "GRE"]
[Source "lmi"]
[SourceDate "2007.10.28"]
[WhiteTeam "Switzerland"]
[BlackTeam "Turkey"]
[WhiteTeamCountry "SUI"]
[BlackTeamCountry "TUR"]

1. e4 e5 2. Bc4 Nf6 3. d3 Nc6 4. Nc3 Na5 5. Nge2 Nxc4 6. dxc4 d6 7. Qd3 Be6 8.
b3 Be7 9. O-O O-O 10. Nd5 Nxd5 11. cxd5 Bd7 12. Ng3 a5 13. a4 Bg5 14. f4 exf4
15. Bxf4 Bf6 16. Rae1 Be5 17. Bxe5 dxe5 18. Qc3 f6 19. Rf2 Bc8 20. Nf1 Qd6 21.
Qg3 Qb4 22. Nd2 Bd7 23. Ref1 c6 24. Qd3 Rfd8 25. Nc4 Qc5 26. Qe3 Qxe3 27. Nxe3
b5 28. Rd2 bxa4 29. Rfd1 c5 30. Nc4 axb3 31. cxb3 Rdb8 32. Ra2 Rxb3 33. Rxa5
Rxa5 34. Nxa5 Rb5 35. Nc6 Rb6 36. Nd8 Kf8 37. Ra1 Ke7 38. Ra8 c4 39. Kf2 Rb2+
40. Ke3 Rxg2 41. Nb7 c3 42. d6+ Kf7 43. Nc5 c2 44. Ra1 Bb5 45. Ra7+ Kg6 46. Nb3
Re2+ 47. Kf3 Rxh2 0-1

[Event "European Team-ch 2007 Femenino"]
[Site "Creta GRE"]
[Date "2007.11.05"]
[Round "8.12"]
[White "Topel, Zehra"]
[Black "Hund, Barbara"]
[Result "1/2-1/2"]
[WhiteElo "2246"]
[BlackElo "2216"]
[PlyCount "100"]
[EventDate "2007.10.28"]
[EventType "team"]
[EventRounds "9"]
[EventCountry "GRE"]
[Source "lmi"]
[SourceDate "2007.10.28"]
[WhiteTeam "Turkey"]
[BlackTeam "Switzerland"]
[WhiteTeamCountry "TUR"]
[BlackTeamCountry "SUI"]

1. d4 Nf6 2. c4 e6 3. Nf3 Bb4+ 4. Nbd2 O-O 5. a3 Be7 6. e4 d5 7. Bd3 dxe4 8.
Nxe4 Bd7 9. O-O Nxe4 10. Bxe4 Bc6 11. Qc2 Bxe4 12. Qxe4 c6 13. b3 Bf6 14. Bb2
Nd7 15. Rfd1 Qc7 16. Rab1 Rfe8 17. Qg4 Rad8 18. Re1 c5 19. Red1 a6 20. Qe4 cxd4
21. Nxd4 Nc5 22. Qc2 Qf4 23. Ne2 Qe4 24. Qxe4 Nxe4 25. Bxf6 gxf6 26. Rxd8 Rxd8
27. f3 Rd2 28. fxe4 Rxe2 29. Rd1 Re3 30. b4 Rxe4 31. Rd8+ Kg7 32. c5 Rc4 33.
Rb8 Rc3 34. Rxb7 Rxa3 35. Kf2 Ra2+ 36. Kf3 Ra3+ 37. Ke2 e5 38. Rb6 e4 39. Kd2
f5 40. g3 a5 41. c6 axb4 42. Rxb4 Rd3+ 43. Ke2 Rc3 44. Rb6 Rc2+ 45. Ke3 Rxh2
46. Rb5 Rc2 47. Rxf5 Kg6 48. g4 Rxc6 49. Kxe4 Re6+ 50. Kf4 Rf6 1/2-1/2

[Event "European Team-ch 2007 Femenino"]
[Site "Creta GRE"]
[Date "2007.11.05"]
[Round "8.13"]
[White "Andersson, Christin"]
[Black "Kopinits, Anna-Christina"]
[Result "1-0"]
[WhiteElo "2209"]
[BlackElo "2178"]
[PlyCount "45"]
[EventDate "2007.10.28"]
[EventType "team"]
[EventRounds "9"]
[EventCountry "GRE"]
[Source "lmi"]
[SourceDate "2007.10.28"]
[WhiteTeam "Sweden"]
[BlackTeam "Austria"]
[WhiteTeamCountry "SWE"]
[BlackTeamCountry "AUT"]

1. e4 c5 2. Nf3 e6 3. d4 cxd4 4. Nxd4 Nc6 5. a3 Nf6 6. Nc3 d6 7. Be2 a6 8. O-O
Qc7 9. Be3 Be7 10. Kh1 O-O 11. f4 Re8 12. Bf3 Nxd4 13. Bxd4 e5 14. Be3 b5 15.
fxe5 dxe5 16. Nd5 Nxd5 17. exd5 Bd6 18. Be4 g6 19. Rf6 Qd8 20. Qf3 Re7 21. Rf1
Qc7 22. Bh6 Bb7 23. Rxg6+ 1-0

[Event "European Team-ch 2007 Femenino"]
[Site "Creta GRE"]
[Date "2007.11.05"]
[Round "8.13"]
[White "Mira, Helene"]
[Black "Jiretorn, Eva"]
[Result "1-0"]
[WhiteElo "2174"]
[BlackElo "2121"]
[PlyCount "79"]
[EventDate "2007.10.28"]
[EventType "team"]
[EventRounds "9"]
[EventCountry "GRE"]
[Source "lmi"]
[SourceDate "2007.10.28"]
[WhiteTeam "Austria"]
[BlackTeam "Sweden"]
[WhiteTeamCountry "AUT"]
[BlackTeamCountry "SWE"]

1. d4 d5 2. c4 c6 3. Nc3 dxc4 4. a4 Nf6 5. e3 Bf5 6. Bxc4 e6 7. Nf3 Nbd7 8. O-O
a5 9. Qe2 Nb6 10. Bb3 Nbd5 11. Nh4 Bg4 12. f3 Bh5 13. g3 Be7 14. e4 Nb4 15. Be3
O-O 16. g4 Nd7 17. Ng2 Bg6 18. f4 h6 19. f5 exf5 20. gxf5 Bh7 21. Qg4 Bg5 22.
Nf4 Nf6 23. Qf3 Kh8 24. Kh1 Qe7 25. Rae1 Rad8 26. Rg1 Rfe8 27. Bf2 Rg8 28. Nh3
Bd2 29. Re2 Bg5 30. Rxg5 hxg5 31. Nxg5 Rgf8 32. e5 Ng8 33. Qh5 Nh6 34. f6 gxf6
35. Nxh7 Rg8 36. Qxh6 Rg6 37. Qh5 fxe5 38. Ng5+ Kg7 39. Qh7+ Kf6 40. Nce4+ 1-0

[Event "European Team-ch 2007 Femenino"]
[Site "Creta GRE"]
[Date "2007.11.05"]
[Round "8.13"]
[White "Horn, Emilia"]
[Black "Newrkla, Katharina"]
[Result "1/2-1/2"]
[WhiteElo "2074"]
[BlackElo "2037"]
[PlyCount "46"]
[EventDate "2007.10.28"]
[EventType "team"]
[EventRounds "9"]
[EventCountry "GRE"]
[Source "lmi"]
[SourceDate "2007.10.28"]
[WhiteTeam "Sweden"]
[BlackTeam "Austria"]
[WhiteTeamCountry "SWE"]
[BlackTeamCountry "AUT"]

1. e4 c5 2. Nf3 d6 3. d4 cxd4 4. Qxd4 Nc6 5. Bb5 Qd7 6. Qa4 a6 7. Nc3 Rb8 8.
Bxc6 Qxc6 9. e5 Qxa4 10. Nxa4 dxe5 11. Nxe5 Bf5 12. c4 f6 13. Nf3 e5 14. b3
Bb4+ 15. Bd2 Bxd2+ 16. Nxd2 Ne7 17. Nf1 Nc6 18. Ne3 Be6 19. O-O-O Nd4 20. Rhe1
O-O 21. Nc5 Rfd8 22. Nxe6 Nxe6 23. Nd5 Kf7 1/2-1/2